000
00247nam a22000977a 4500
999
_c
11257
_d
11257
008
181204b ||||| |||| 00| 0 eng d
020
_a
9788172345426
100
_a
Hitler Adolf
_9
7005
245
_a
Mein Kampf
260
_a
New Delhi
_b
Prakash Books
_c
2018